000 00783cam a22002533a 4500
001 31104
003 PGUSA
005 20140828083655.0
008 100127s2010||||xxu|||||s|||||000 | eng d
040 _aPGUSA
_beng
042 _adc
050 4 _aHX
100 1 _aKropotkin, Petr Alekseevich, kniaz,
_d1842-1921
245 1 4 _aThe Place of Anarchism in Socialistic Evolution :
_bAn Address Delivered in Paris
_h[electronic resource] /
_cPetr Alekseevich, kniaz Kropotkin
260 _bProject Gutenberg,
_c2010
506 _aPublic domain in the USA.
516 _aElectronic text
653 _aAnarchists
653 _aAnarchism -- History
700 1 _aGlasse, Henry
830 0 _aProject Gutenberg
_v31104
856 4 0 _uhttp://www.gutenberg.org/ebooks/31104
942 _cEB
999 _c260359
_d260359